Cibercultura : Informe al Consejo de Europa /

El desafío de esta obra es pensar la cibercultura. ¿Qué es la cibercultura? ¿Qué movimiento social y cultural se esconde tras este fenómeno técnico? ¿Podemos hablar de una nueva relación con el saber? ¿Qué cambios comporta la cibercultura en la educación y en la formación? ¿Cuáles son las nuevas for...

Full description

Bibliographic Details
Main Author: Levy, Pierre
Format: Libro
Language:Spanish
Published: Santiago, Chile Anthropos 2007
Series:Ciencia, tecnología, sociedad 16
Subjects:
Online Access:

MARC

LEADER 00000cam a2200000 a 4500
001 000334
003 UAHC_CL
005 20170803115627.0
008 110330s2007 cl 000 spa
020 |a 9788476588086 
040 |a UAHC_CL  |c UAHC_CL  |d UAHC_CL 
082 0 4 |a 001.51  |b L668  |2 20 
100 1 |a Levy, Pierre 
245 1 0 |a Cibercultura :  |b Informe al Consejo de Europa /  |c Pierre Lévy ; prólogo de Manuel Medina. 
260 |b Anthropos  |c 2007  |a Santiago, Chile 
300 |a 230 p. 
490 0 |a Ciencia, tecnología, sociedad  |v 16 
520 |a El desafío de esta obra es pensar la cibercultura. ¿Qué es la cibercultura? ¿Qué movimiento social y cultural se esconde tras este fenómeno técnico? ¿Podemos hablar de una nueva relación con el saber? ¿Qué cambios comporta la cibercultura en la educación y en la formación? ¿Cuáles son las nuevas formas artísticas ligadas a los ordenadores y a las redes? El urbanismo y la organización del territorio, ¿cómo se ven afectados por el desarrollo del ciberespacio? En una palabra, ¿cuáles son las implicaciones culturales de las nuevas tecnologías? Una obra clave para introducirnos en la cultura de la sociedad digital. 
650 4 |a CIBERCULTURA 
650 4 |a REALIDAD VIRTUAL 
650 4 |a CIBERNETICA 
900 |a 001.51 LEVC 
942 |c BK 
952 |0 0  |1 0  |4 0  |6 001_510000000000000_LEVC  |7 0  |8 General  |9 580  |a BC  |b BC  |c General  |d 2017-08-03  |l 4  |m 7  |o 001.51 LEVC  |p 1390303  |r 2026-01-07 00:00:00  |s 2023-03-13  |t 1  |w 2017-08-03  |y BK 
952 |0 0  |1 0  |4 0  |6 001_510000000000000_LEVC  |7 0  |8 General  |9 581  |a BC  |b BC  |c General  |d 2017-08-03  |l 0  |o 001.51 LEVC  |p 1390304  |r 2026-01-07 00:00:00  |t 2  |w 2017-08-03  |y BK 
999 |c 334  |d 334